000 00545nam a2200181 a 4500
001 21440
005 20180713215159.0
008 140415s1940 mx 000 0 spa d
041 _aspa
082 _a551.7248
_bCON
100 1 _aCONTRERAS ARIAS, ALFONSO
245 1 3 _aEL CLIMA DE LAS DISTINTAS REGIONES :
_bDEL ESTADO DE PUEBLA
250 _a1a ed.
260 _aMEXICO :
_bINSTITUTO GEOGRAFICO DE LA SECRETARIA DE AGRI...,
_c1940
490 _aCOL.PUEBLA
500 _aCOLECCIÓN PUEBLA
650 1 4 _aCLIMATOLOGIA
_xPUEBLA
999 _c21440
_d21440